|
|
|
|
| LEADER |
00000naa a2200000uu 4500 |
| 001 |
vtls010941552 |
| 003 |
SK-MaSNL |
| 005 |
20260302123220.0 |
| 008 |
210904|2000 xo |||||||||||||||||eng| |
| 015 |
|
|
|a SNBRA
|
| 035 |
|
|
|a (urnnbn)urn:nbn:sk:snk:ar-a0bc67
|
| 035 |
|
|
|a (uuid)9b278c69-56e8-4355-93ac-37d1e7c4b027
|
| 035 |
|
|
|a urn:nbn:sk:snk-aau4fo
|
| 040 |
|
|
|a SNKBUCL
|b slo
|c SNKBUCL
|e AACR2
|
| 041 |
0 |
|
|a eng
|
| 044 |
|
|
|a xo
|c SK
|
| 100 |
1 |
|
|a Kryński, A.
|4 aut
|9 777962
|
| 245 |
1 |
0 |
|a THE INFLUENCE OF CR-YEAST SUPPLEMENTATION ON CHOLESTEROL CONCENTRATION IN BROILERS TISSUES AND EGG YOLK COMPOSITION
|c A. Kryński, B. Debski, W. Zalewski
|
| 700 |
1 |
|
|a Dębski, B.
|4 aut
|9 777963
|
| 700 |
1 |
|
|a Zalewski, W.
|4 aut
|9 807764
|
| 773 |
0 |
|
|t Hygiena Alimentorum 21
|d Bratislava] : Štátna veterinárna správa SR, 2000
|g S. 216-219
|z 807148041X
|
| 958 |
|
|
|a OND
|
| 958 |
|
|
|a article11
|
| 958 |
|
|
|a chapter
|
| 999 |
|
|
|c 1281913
|d 1283843
|